000 00633nam a2200181Ia 4500
008 090124s9999 xx 000 0 und d
082 _b27557
100 _aवेलणकर डॉ. जयंत
245 _a प्रबंध कसा लिहावा
250 _a1
260 _bसाहित्य प्रसार केंद्र
_c1988
300 _a63
600 _aवेलणकर डॉ. जयंत
630 _a प्रबंध कसा लिहावा
700 _aवेलणकर डॉ. जयंत
730 _a प्रबंध कसा लिहावा
942 _cBOOK
999 _c96237
_d96237